000 00456nam a2200181Ia 4500
001 18485
005 20260306171634.0
008 260306s9999||||xx |||||||||||||| ||und||
041 _aESP
082 _a658.406
_bG64
100 _aGómez Vieites, Álvaro
_eAUT
245 0 _aInnovación:
_bfactor clave del éxito empresarial
260 _c2012
300 _axi, 317 páginas :
_c21 cm.
650 _aGEN
654 _aCAN
942 _cLIB
_dJUS
_fJUS
_2ddc
_n
999 _c18485
_d18485